[Event "Oberliga NRW 9900 I"]
[Site "Germany"]
[Date "2000.02.09"]
[Round "5.7"]
[White "Siebert, Lutz"]
[Black "Kaposztas, Miklos"]
[Result "1/2-1/2"]
[WhiteElo "2263"]
[BlackElo "2245"]
[PlyCount "64"]
[EventDate "1999.10.26"]
[EventType "team"]
[EventRounds "9"]
[EventCountry "GER"]
[SourceTitle "EXT 2001"]
[Source "ChessBase"]
[SourceDate "2000.11.22"]
[SourceVersion "1"]
[SourceVersionDate "2000.11.22"]
[SourceQuality "1"]
[WhiteTeam "Duisburg II"]
[BlackTeam "Lohmar"]
[WhiteTeamCountry "GER"]
[BlackTeamCountry "GER"]

1. Nf3 g6 2. d4 Bg7 3. e4 c5 4. c3 cxd4 5. cxd4 d5 6. exd5 Nf6 7. Bb5+ Nbd7 8. d6 exd6 9. Qe2+ Qe7 10. Qxe7+ Kxe7 11. 0-0 Rd8 12. Nc3 Nb6 13. h3 a6 14. Re1+ Kf8 15. Bf1 Bd7 16. Bg5 Bc6 17. Be2 Rac8 18. Rac1 Re8 19. Bf4 Rcd8 20. Bh2 Bh6 21. Rcd1 Nfd5 22. Bf1 Nf4 23. Rxe8+ Kxe8 24. Nd2 Kf8 25. Nb3 Bd5 26. Na5 Rd7 27. Bxf4 Bxf4 28. g3 Bg5 29. Nxd5 Nxd5 30. Bg2 Bd8 31. Bxd5 Bxa5 32. Rc1 Ke7 1/2-1/2

[Event "Oberliga NRW 9899 I"]
[Site "Germany"]
[Date "1999.03.16"]
[Round "7.7"]
[White "Siebert, Lutz"]
[Black "Hoenig, Alexander"]
[Result "1/2-1/2"]
[WhiteElo "2263"]
[BlackElo "2240"]
[PlyCount "138"]
[EventDate "1998.10.10"]
[EventType "team"]
[EventRounds "9"]
[EventCountry "GER"]
[SourceTitle "EXT 2000"]
[Source "ChessBase"]
[SourceDate "1999.11.16"]
[SourceVersion "1"]
[SourceVersionDate "1999.11.16"]
[SourceQuality "1"]
[WhiteTeam "Duisburg II"]
[BlackTeam "Duesseldorf"]
[WhiteTeamCountry "GER"]
[BlackTeamCountry "GER"]

1. Nf3 Nf6 2. d4 d5 3. c4 c6 4. g3 Bf5 5. Bg2 e6 6. 0-0 Nbd7 7. Bf4 Bxb1 8. Qxb1 dxc4 9. e4 Be7 10. Rd1 Nb6 11. Qc2 0-0 12. Ne5 Bd6 13. a4 a5 14. Bg5 h6 15. Be3 Qe7 16. Nxc4 Nxc4 17. Qxc4 Bb4 18. h3 Rfd8 19. Rac1 Rd7 20. f4 Ne8 21. e5 f5 22. exf6 Qxf6 23. g4 Nc7 24. Rf1 Nd5 25. Bxd5 exd5 26. Qd3 Re8 27. f5 Re4 28. Rc2 Rde7 29. Rf3 Re8 30. Rg2 Qe7 31. f6 gxf6 32. Bxh6 Re1+ 33. Rf1 Rxf1+ 34. Qxf1 Qe1 35. Qxe1 Rxe1+ 36. Kf2 Rh1 37. g5 fxg5 38. Bxg5 Rxh3 39. Bd2+ Kf7 40. Bxb4 axb4 41. Ke2 Rb3 42. Kd1 Rd3+ 43. Kc2 Rxd4 44. Kb3 b6 45. Rc2 c5 46. a5 c4+ 47. Kxb4 c3+ 48. Kb5 cxb2 49. Rxb2 bxa5 50. Kc5 Rd3 51. Ra2 Ke6 52. Rxa5 Ke5 53. Ra8 Rc3+ 54. Kb4 Kd4 55. Rh8 Re3 56. Rd8 Ke4 57. Kc5 Rc3+ 58. Kb4 d4 59. Rh8 Rf3 60. Kc4 Rc3+ 61. Kb4 Rc7 62. Rh4+ Ke3 63. Rh3+ Kd2 64. Rh2+ Kc1 65. Rh1+ Kb2 66. Rd1 Rd7 67. Kc4 Rc7+ 68. Kb4 Rd7 69. Kc4 Kc2 1/2-1/2

[Event "Troisdorf op"]
[Site "Troisdorf"]
[Date "1998.11.03"]
[Round "3"]
[White "Olbrisch, Manfred"]
[Black "Siebert, Lutz"]
[Result "1/2-1/2"]
[WhiteElo "2083"]
[BlackElo "2263"]
[PlyCount "41"]
[EventDate "1998.10.20"]
[EventType "swiss"]
[EventRounds "7"]
[EventCountry "GER"]
[SourceTitle "EXT 2002"]
[Source "ChessBase"]
[SourceDate "2001.11.25"]
[SourceVersion "1"]
[SourceVersionDate "2001.11.25"]
[SourceQuality "1"]

1. b3 Nf6 2. Bb2 g6 3. e4 d6 4. g3 Bg7 5. Bg2 0-0 6. Ne2 c5 7. 0-0 Nc6 8. d4 cxd4 9. Nxd4 Bg4 10. Qd2 Qb6 11. Nxc6 bxc6 12. c4 Rad8 13. Nc3 Qa5 14. f3 Be6 15. Rad1 Qb6+ 16. Kh1 Rb8 17. Ba1 Rfd8 18. Rfe1 Qc5 19. Ne2 Qb6 20. Nd4 Bd7 21. Bc3 1/2-1/2

[Event "Oberliga NRW 9899 I"]
[Site "Germany"]
[Date "1998.??.??"]
[Round "2.7"]
[White "Schulte, Norbert"]
[Black "Siebert, Lutz"]
[Result "0-1"]
[WhiteElo "2105"]
[BlackElo "2263"]
[PlyCount "122"]
[EventDate "1998.10.10"]
[EventType "team"]
[EventRounds "9"]
[EventCountry "GER"]
[SourceTitle "EXT 2000"]
[Source "ChessBase"]
[SourceDate "1999.11.16"]
[SourceVersion "1"]
[SourceVersionDate "1999.11.16"]
[SourceQuality "1"]
[WhiteTeam "Siegen"]
[BlackTeam "Duisburg II"]
[WhiteTeamCountry "GER"]
[BlackTeamCountry "GER"]

1. b3 Nf6 2. Bb2 d6 3. f4 g6 4. e3 Bg7 5. Nf3 0-0 6. Be2 c5 7. 0-0 Nc6 8. h3 b6 9. d3 Bb7 10. Nbd2 Nd5 11. Bxg7 Nxe3 12. Qc1 Kxg7 13. Rf2 d5 14. Nf1 Nxf1 15. Qxf1 Qd6 16. f5 f6 17. Re1 Rae8 18. Bd1 e5 19. fxe6 Rxe6 20. Rxe6 Qxe6 21. Re2 Qf7 22. Rf2 Qd7 23. Qe1 Rf7 24. Re2 Re7 25. Rxe7+ Qxe7 26. Qxe7+ Nxe7 27. Kf2 d4 28. Nd2 Kf7 29. Bg4 f5 30. Bd1 Ke6 31. a3 Bd5 32. Be2 Nc6 33. Bf1 h6 34. Be2 Ne5 35. Bd1 g5 36. Be2 Nf7 37. Bh5 Nd6 38. a4 Nc8 39. Be2 Ne7 40. Bh5 Nc6 41. Be2 Nb4 42. Bd1 Kf6 43. Nb1 Kg6 44. Nd2 Na2 45. Nb1 h5 46. Be2 h4 47. Bd1 Kf6 48. Be2 Ke5 49. Bf3 Nb4 50. Na3 Kf4 51. Bxd5 Nxd5 52. Nb5 a6 53. Nd6 g4 54. Nc4 g3+ 55. Ke2 b5 56. axb5 axb5 57. Nd6 Ne3 58. Nxb5 Nxg2 59. c3 dxc3 60. Nxc3 Ke5 61. Na4 Kd4 0-1

[Event "Oberliga NRW 9899 I"]
[Site "Germany"]
[Date "1998.??.??"]
[Round "4.6"]
[White "Siebert, Lutz"]
[Black "Schmidt, Ruediger"]
[Result "1/2-1/2"]
[WhiteElo "2263"]
[BlackElo "2190"]
[PlyCount "51"]
[EventDate "1998.10.10"]
[EventType "team"]
[EventRounds "9"]
[EventCountry "GER"]
[SourceTitle "EXT 2000"]
[Source "ChessBase"]
[SourceDate "1999.11.16"]
[SourceVersion "1"]
[SourceVersionDate "1999.11.16"]
[SourceQuality "1"]
[WhiteTeam "Duisburg II"]
[BlackTeam "Godesberg II"]
[WhiteTeamCountry "GER"]
[BlackTeamCountry "GER"]

1. Nf3 d5 2. g3 c6 3. Bg2 g6 4. 0-0 Bg7 5. d3 Bg4 6. h3 Bxf3 7. Bxf3 Qb6 8. c3 Nd7 9. Nd2 f5 10. e4 e6 11. exf5 exf5 12. Re1+ Kf8 13. Nb3 Ngf6 14. Be3 Qd8 15. Nc5 Nxc5 16. Bxc5+ Kg8 17. Qb3 b6 18. Be7 Qd7 19. c4 Re8 20. Bxf6 Rxe1+ 21. Rxe1 Bxf6 22. cxd5 cxd5 23. Bxd5+ Kg7 24. Rc1 Rd8 25. Be6 Qd6 26. Qc4 1/2-1/2

[Event "Oberliga NRW 9798 II"]
[Site "Germany"]
[Date "1997.??.??"]
[Round "3.5"]
[White "Winkeler, Uwe"]
[Black "Siebert, Lutz"]
[Result "1/2-1/2"]
[WhiteElo "2250"]
[BlackElo "2264"]
[PlyCount "94"]
[EventDate "1997.10.??"]
[EventType "team"]
[EventRounds "9"]
[EventCountry "GER"]
[SourceTitle "EXT 1999"]
[Source "ChessBase"]
[SourceDate "1998.11.16"]
[SourceVersion "1"]
[SourceVersionDate "1998.11.16"]
[SourceQuality "1"]
[WhiteTeam "Koeln Porz III"]
[BlackTeam "Duisburg II"]
[WhiteTeamCountry "GER"]
[BlackTeamCountry "GER"]

1. e4 d5 2. exd5 Qxd5 3. Nc3 Qa5 4. d4 Nf6 5. Nf3 c6 6. Bc4 Bf5 7. Ne5 e6 8. Bd2 Bb4 9. a3 Bxc3 10. Bxc3 Qc7 11. Qe2 Nbd7 12. 0-0-0 Nxe5 13. dxe5 Nd5 14. Bd4 Qa5 15. Qd2 Qxd2+ 16. Rxd2 0-0 17. Rhd1 Rfc8 18. f3 b5 19. Bf1 c5 20. Bf2 c4 21. Rd4 Rab8 22. g4 Bg6 23. f4 Nb6 24. Rd6 Be4 25. Bxb6 axb6 26. R1d4 Bd5 27. Kd2 b4 28. axb4 b5 29. Ra6 Ra8 30. Rxa8 Rxa8 31. Kc3 h5 32. Be2 hxg4 33. Bxg4 Kf8 34. Rd1 Ra4 35. Rf1 g6 36. h4 Ke7 37. h5 gxh5 38. Bxh5 Ra8 39. Bf3 Bxf3 40. Rxf3 Rd8 41. Rf2 f6 42. Rh2 fxe5 43. fxe5 Rd5 44. Re2 Kd7 45. b3 cxb3 46. Kxb3 Kc6 47. Re3 Kb6 1/2-1/2

[Event "Leverkusen-ch op 08th"]
[Site "Leverkusen"]
[Date "1996.??.??"]
[Round "6"]
[White "Luett, Michael"]
[Black "Siebert, Lutz"]
[Result "0-1"]
[WhiteElo "2005"]
[BlackElo "2155"]
[PlyCount "72"]
[EventDate "1996.01.05"]
[EventType "swiss"]
[EventRounds "9"]
[EventCountry "GER"]
[SourceTitle "EXT 2006"]
[Source "ChessBase"]
[SourceDate "2005.11.24"]
[SourceVersion "1"]
[SourceVersionDate "2005.11.24"]
[SourceQuality "1"]

1. e4 c5 2. Nc3 Nc6 3. Bb5 e6 4. Bxc6 bxc6 5. d3 d5 6. Nf3 Ne7 7. 0-0 Ng6 8. Re1 Be7 9. b3 0-0 10. Bd2 f6 11. Na4 e5 12. c4 Bd6 13. Rc1 d4 14. h3 f5 15. Ng5 f4 16. Qh5 h6 17. Qxg6 hxg5 18. Qh5 Be6 19. Rc2 Qe7 20. Bc1 Rf7 21. Qd1 g4 22. hxg4 f3 23. gxf3 Raf8 24. f4 exf4 25. f3 Bxg4 26. Rh2 Bc8 27. Ree2 Qe5 28. Qf1 g5 29. Rh5 Rg7 30. Reh2 Kf7 31. Qf2 Ke8 32. Ba3 Qe7 33. Rg2 g4 34. fxg4 f3 35. Bxc5 fxg2 36. Qxd4 Rxg4 0-1

[Event "Leverkusen-ch op 03rd"]
[Site "Leverkusen"]
[Date "1991.??.??"]
[Round "5"]
[White "Baer, Marco"]
[Black "Siebert, Lutz"]
[Result "0-1"]
[WhiteElo "1865"]
[BlackElo "2110"]
[PlyCount "48"]
[EventDate "1991.??.??"]
[EventType "swiss"]
[EventRounds "9"]
[EventCountry "GER"]
[SourceTitle "EXT 2006"]
[Source "ChessBase"]
[SourceDate "2005.11.24"]
[SourceVersion "1"]
[SourceVersionDate "2005.11.24"]
[SourceQuality "1"]

1. Nf3 Nf6 2. c4 c5 3. Nc3 b6 4. e4 Bb7 5. Bd3 d6 6. Qe2 Nbd7 7. 0-0 e6 8. Bc2 Be7 9. Re1 0-0 10. b3 a6 11. Bb2 Qc7 12. Rad1 Rfe8 13. e5 Bxf3 14. Qxf3 Nxe5 15. Rxe5 dxe5 16. Ne2 Rad8 17. Qg3 Bd6 18. f4 exf4 19. Qg5 h6 20. Qh4 Be5 21. d4 cxd4 22. Bd3 Nh7 23. Rf1 Bf6 24. Qg4 e5 0-1